Statystyki dla Klasyfikacja strzelców w historii reprezentacji Brazylii

Kliknij tutaj aby rozwiązać quiz!

Ogólne statystyki

  • Ten quiz został rozwiązany 89 razy
  • Średni wynik to 6 z 11

Statystyki odpowiedzi

BramkiPiłkarz% Poprawnych
79Neymar
96%
77Pele
96%
62Ronaldo
93%
33Ronaldinho
87%
35Rivaldo
71%
55Romario
52%
48Zico
32%
39Bebeto
19%
32Ademir
2%
33Jarzinho
1%
32Tostao
0%

Rozkład punktacji

Percentyl według liczby udzielonych odpowiedzi

Procent ludzi z każdym wynikiem

Twoja historia wyników

Nie rozwiązałeś tego quizu